00811nam a2200241Ia 4500003000900000008004100009020001800050040001600068080001600084100002600100245011700126260004200243300000900285650002500294650001500319650003800334650002200372650002300394700002400417942000700441999001700448952010400465IN-BaIIA211028s9999 xx 000 0 eng d a0-19-855804-X cIIA Library a539.18bRIC aRichards, W. G919969 0aEnergy levels in atoms and moleculescW. G. Richards and P. R Scott  aOxfordbOxford University Pressc1994 a92p. aEnergy levels919970 aNMR919971 aNuclear magnetic resonance919972 aQuantum mechanics aSpectroscopy91535 aScott, P. R.919973 cBK c11567d11567 00104070aBANbBANcGENd1995-11-13eOUP l0o539.18/19/ RICp12482r2021-11-05w1995-11-13yBK